| 000 | 01834nam a2200217 4500 | ||
|---|---|---|---|
| 005 | 20250403164835.0 | ||
| 008 | 250403b |||||||| |||| 00| 0 eng d | ||
| 020 | _a9789811262203 | ||
| 037 | _cTextual | ||
| 040 |
_aRTL _cRTL |
||
| 084 |
_aX:(G:55) R3 _qRTL |
||
| 100 |
_aXepapadeas, Anastasios _9254096 |
||
| 245 | _aAdvanced mathematical methods in environmental and resource economics: World Scientific Lecture Notes In Economics And Policy-Vol.13 | ||
| 260 |
_aNew Jersey _bWorld Scientific _c2023 |
||
| 300 |
_ax, 259p. _bIncludes bibliography and index |
||
| 520 | _aThe most interesting issues in environmental and resource economics have an explicit temporal dimension, since variables of interest such as pollutants, greenhouse gases, biomass of biological resources, or the stocks of fossil fuels accumulate in the ambient environment or are depleted through human actions and natural processes. The purpose of these lectures is to present the mathematical tools for analyzing environmental and resource management issues in a dynamic set-up. The lectures include a brief description of differential equations and then move on to describe methods of optimal control, dynamic programing, and differential games. The final chapters cover two novel topics: (1) environmental issues characterized by deep uncertainty, and aversion to ambiguity using robust control methods and formulations of precautionary policies; and (2) the study of pollution/resource management in space and time when the environmental variables evolve in time and diffuse in space. | ||
| 650 |
_aEnvironmental economics--mathematical models _9751824 |
||
| 650 |
_aEnvironmental policy--economic aspects _9751825 |
||
| 650 |
_aNatural resources--mathematical models _9751826 |
||
| 942 |
_2CC _n0 _cTB _hX:(G:55) R3 |
||
| 999 |
_c1308451 _d1308451 |
||